Characters by quote - Statistics

General Stats
  • This quiz has been taken 6 times
  • The average score is 2 of 25
Answer Stats
Quote Character % Correct
“YOU ARE A TOY!" Woody
75%
“But why is the rum gone?” Captain Jack Sparrow
50%
“No capes!” Edna Mode
25%
“I guess you guys aren’t ready for that yet, but your kids are gonna love it.” Marty McFly
25%
"Shit, Shit, Shit, Shit, open the portal now!" Millie
25%
“I can’t carry it for you... but I can carry you!” Samwise Gamgee
25%
"KHAAAAAAAN!!!" Captain Kirk
0%
“Eat this!” Corporal Hicks
0%
: “We offer you the bond of family that very few oilmen can understand…” Daniel Plainview
0%
"So, how does it feel to be a solid citizen again?" Ethan Hunt
0%
“Where the hell does it say that you’ve got a right to kick down doors, torture suspects, deny medical attention and legal counsel… that man had rights.” Harry Callahan
0%
“I want my father back, you son of a bitch!” Inigo Montoya
0%
“I suspect everyone and I suspect no-one!” Inspector Clouseau
0%
"It’s the one that says Bad Motherfucker.” Jules Winnfield
0%
“They'll either want to kill you, kiss you, or be you.” “Because that's what you and I do." Katniss Everdeen
0%
"But I was going into Tosche station to pick up some power converters.” Luke Skywalker
0%
"What we do in life, echoes in eternity!” Maximus
0%
"He is The One." Neo
0%
"Wouldn't hurt a fly" Norman Bates
0%
“To tell you the truth, I don’t give a shit.” Red
0%
“I’m too tired, maybe later.” Snake Plissken
0%
"I have part of a plan." Star Lord
0%
“I am a homicidal maniac. They look just like everyone else.” Wednesday Adams
0%
“Fork it!” Withnail
0%
“This is why you fail” Yoda
0%
No matching quizzes found
Score Distribution
Percent of People with Each Score
Percentile by Number Answered
Your Score History
You have not taken this quiz